• 首页
  • 本馆介绍
  • 公告通知
  • 最新文献
  • 馆藏检索
  • 电子资源
  • 读者导购
  • 参考咨询
  • 我的图书馆
  • 登录
  • 详细信息显示
  • 放入我的书架
  • 预约/预借图书
  • 作者相关作品
  • 分类相关作品
  • 丛书相关作品
  • 出版社相关作品

书目信息

  • 表格格式
  • 工作单格式
  • 卡片格式
题名:
中外合资企业导论
    
 
作者: 林功实 , 周焕鹏 编著
分册:  
出版信息: 北京   清华大学出版社  1992
页数: 268页
开本: 20cm
丛书名:
单 册:
中图分类: F276.43
科图分类: 29.157
主题词: 中外合资经营-合资企业-企业管理 , 合资企业-中外合资经营-企业管理 , 企业管理-合资企业-中外合资经营
电子资源:
ISBN: 7-302-00951-1
000 01067nnam 2200313 45
001 0196010544
005 20070724091710.17
010    @a7-302-00951-1@dCNY4.00
100    @a19950627d1992 em y0chiy0121 ea
101 0  @achi
102    @aCN@b110000
105    @ay zn 000yy
200 10 @a中外合资企业导论@AZHONG WAI HE ZI QI YE DAO LUN@e投资·组建·管理@ETOU ZI · ZU JIAN · GUAN LI@f林功实,周焕鹏编著@FLIN GONG SHI , ZHOU HUAN PENG BIAN ZHU
210    @a北京@c清华大学出版社@d1992
215    @a268页@d20cm
300    @a英文题名:An introduction to joint venture business
314    @a周焕鹏,[清华大学]教师
314    @a林功实,[清华大学]教师
510 1  @aAn introduction to joint venture business@zeng
540 1  @a投资@ATOU ZI
606    @a中外合资经营-合资企业-企业管理
606    @a合资企业-中外合资经营-企业管理
606    @a企业管理-合资企业-中外合资经营
690    @aF276.43
692    @a29.157
701  0 @a林功实@ALIN GONG SHI@4编著
701  0 @a周焕鹏@AZHOU HUAN PENG@4编著
801  0 @aCN@bTSSF@c20070724
905    @a10447@dF276.43@e669
    
    中外合资企业导论:投资·组建·管理/林功实,周焕鹏编著.-北京:清华大学出版社,1992
    268页;20cm
    英文题名:An introduction to joint venture business
    
    ISBN 7-302-00951-1:CNY4.00
    
●
相关链接 在E读中查询图书 在五车中查询图书 在当当中查询图书 在豆瓣中查询图书


正题名:中外合资企业导论     索取号:F276.43/669         预约/预借

序号 登录号 条形码 馆藏地/架位号 状态 备注
1 0767809   207678093   第一样本阅览室/ [索取号:F276.43/669] 在馆    
唐山师范学院图书馆 欢迎您!
大连网信软件有限公司© 版权所有